Typo:Grafik:um/ No 1 Abeceda súčasnej vizuálnej komunikácie a kultúry /

Gespeichert in:
Bibliographische Detailangaben
Hauptverfasser: Rostoka, Vladislav (Verfasst von), Junek, Dušan (Verfasst von)
Format: Buch
Sprache:Slowakisch
Englisch
Veröffentlicht: Trnava : VELDAN, 2016
Ausgabe:1. vydanie
Schlagworte:
Tags: Tag hinzufügen
Keine Tags, Fügen Sie das erste Tag hinzu!

MARC

LEADER 00000nam a22000003a 4500
001 0023209
003 SK-STU
005 20170405103547.3
007 ta
008 170405s ----xo-----e------000-0-----d
020 |a 978-80-971509-1-4 
040 |a STU  |b slo 
041 0 |a slo  |a eng 
044 |a xo 
100 1 |a Rostoka, Vladislav  |4 aut  |r Z5 
245 1 0 |a Typo:Grafik:um/ No 1  |b Abeceda súčasnej vizuálnej komunikácie a kultúry /  |c aut. Vladislav Rostoka, Dušan Junek 
246 3 1 |b Alphabet of contemporary visual communication & culture 
250 |a 1. vydanie 
260 |a Trnava :  |b VELDAN,  |c 2016 
300 |a 288 s. 
650 0 7 |a grafický dizajn 
650 0 7 |a vizualizácia 
650 0 7 |a logotyp 
650 0 7 |a plagát 
650 0 7 |a graphics design 
650 0 7 |a poster 
700 1 |a Junek, Dušan  |r Z5  |4 aut 
996 |b 284AU06972  |c A* 10106/U  |l AAKNST  |s P  |a 0  |w 0023209_0001